Εισαγωγή στο μαθηματικό προγραμματισμό
Αποθηκεύτηκε σε:
| Κύριος συγγραφέας: | |
|---|---|
| Μορφή: | Βιβλίο |
| Γλώσσα: | Greek |
| Δημοσίευση: |
Αθήνα :
Σταμούλης,
1994
|
| Θέματα: | |
| Ετικέτες: |
Προσθήκη ετικέτας
Δεν υπάρχουν, Καταχωρήστε ετικέτα πρώτοι!
|
MARC
| LEADER | 00000cam a2200000 i 4500 | ||
|---|---|---|---|
| 001 | 1/18937 | ||
| 008 | 010327s1994 gre d | ||
| 020 | |a 960-351-011-4 | ||
| 035 | |l 10066671 | ||
| 040 | |a GR-MY-UA |b gre |e aacr | ||
| 041 | 0 | |a gre | |
| 082 | 0 | |a 519.7 | |
| 100 | 1 | |a Μηλιώτης, Παναγιώτης Α. | |
| 245 | 1 | 0 | |a Εισαγωγή στο μαθηματικό προγραμματισμό / |c Παναγιώτης Α. Μηλιώτης |
| 260 | |a Αθήνα : |b Σταμούλης, |c 1994 | ||
| 300 | |a xii, 406 σ. | ||
| 504 | |a Περιλαμβάνει βιβλιογραφία | ||
| 650 | 0 | 0 | |a Programming (Mathematics) |
| 650 | 0 | 0 | |a Linear programming. |
| 650 | 0 | 0 | |a Nonlinear programming. |
| 852 | |a INST |b CHIOS |e 20010327 |h 519.7 ΜΗΛ |p 005200016778 |q 005200016778 |t BK |y 0 | ||
| 901 | |a BIBL2-2001-1 | ||
| 909 | |a Χ |b 083054 | ||
| 970 | |a ΣΑΛΑΜΟΥΡΑ |b ΜΑΡΙΑ |z 2001/03/27 | ||